| 000 | 00566nam a2200169 i 4500 | ||
|---|---|---|---|
| 001 | 29188 | ||
| 003 | ES-MaACL | ||
| 007 | t| | ||
| 008 | 030121s1907 fr ||||1| fre d | ||
| 100 | 1 |
_aBardoux, Jacques. _925598 |
|
| 245 | 1 | 0 |
_aEssai d'une psychologie de l'Anglaterre contemporiane _b: ; Les crises belliqueuses ; Protectionisme et radicalisme / _cpar Jacques Bardoux. |
| 260 |
_aParis : _bFélix Alcan, _c1907. |
||
| 300 |
_aXII, 291 p. ; _c22 cm. |
||
| 740 | 4 | _aLes crises politiques. | |
| 740 | 0 | _aProtectionisme et radicalisme. | |
| 852 |
_aES-MaACL _jB-6183 |
||
| 999 |
_c29188 _d29188 |
||